| 000 | 00621nam 22002053 4500 | ||
|---|---|---|---|
| 001 | 201108 | ||
| 010 | _a978-972-27-1559-1 | ||
| 021 |
_aPT _b246331/06 |
||
| 090 | _a201108 | ||
| 100 | _a20260310d u||y0pory50 ba | ||
| 200 |
_aO teatro de Goldoni no Portugal de setecentos _fMaria João Almeida |
||
| 210 |
_aLisboa _cImprensa Nacional-Casa da Moeda _d2007 |
||
| 215 |
_a413, [3] p. _cbrochado _d24 cm |
||
| 225 | _aTemas portugueses | ||
| 606 |
_91790 _aTeatro. Representação teatral |
||
| 675 |
_a792 _vPT _zpor |
||
| 700 |
_916751 _aAlmeida _bMaria João _f1955- |
||
| 801 |
_aPT _bBMMN _gRPC |
||
| 830 | _cVanda | ||
| 990 | _cLIVROS | ||